Lakbérleti kérdések

Elmentve itt :
Bibliográfiai részletek
Szerző: Zoltán Emil
Dokumentumtípus: Cikk
Megjelent: 1933
Sorozat:Polgári jog : a hazai és külföldi magánjog és hiteljog szemléje 9
Kulcsszavak:Kötelmi jog bérleti jogviszony
Online Access:http://misc.bibl.u-szeged.hu/15248
LEADER 00604nab a2200169 i 4500
001 misc15248
005 20191106142412.0
008 170607s1933 hu o 0|| hun d
040 |a SZTE Miscellanea Repozitórium  |b hun 
041 |a hun 
100 1 |a Zoltán Emil 
245 1 0 |a Lakbérleti kérdések  |h [elektronikus dokumentum] /  |c  Zoltán Emil 
260 |c 1933 
300 |a 118-123a 
490 0 |a Polgári jog : a hazai és külföldi magánjog és hiteljog szemléje  |v 9 
695 |a Kötelmi jog bérleti jogviszony 
856 4 0 |u http://misc.bibl.u-szeged.hu/15248/1/polgari_jog_1933_118-123a.pdf  |z Dokumentum-elérés